Forum de la technique: Maitre et de temps l'espace

में बचाया:
ग्रंथसूची विवरण
स्वरूप: पुस्तक
भाषा:Undetermined
प्रकाशित: Lausanne Editions Metz Zurich 1976
विषय:
टैग : टैग जोड़ें
कोई टैग नहीं, इस रिकॉर्ड को टैग करने वाले पहले व्यक्ति बनें!
Thư viện lưu trữ: Trung tâm Học liệu Trường Đại học Cần Thơ
LEADER 00447nam a2200169Ia 4500
001 CTU_86682
008 210402s9999 xx 000 0 und d
082 |a 623.82 
082 |b F745 
245 0 |a Forum de la technique: 
245 0 |b Maitre et de temps l'espace 
260 |a Lausanne 
260 |b Editions Metz Zurich 
260 |c 1976 
650 |a Nautical craft 
904 |i Năm 
980 |a Trung tâm Học liệu Trường Đại học Cần Thơ